000 00779nam a2200253 a 4500
001 17110
003 CO-ViMGA
008 141112s2004 ck r 000 u spa d
020 _a9586148483
040 _aCO-ViMGA
_bspa
_cCO-ViMGA
082 0 4 _a986.1076 S152g
100 1 _aSanchez, Gonzalo G.
_924293
245 1 0 _aGrandes potencias, el 9 de Abril y la violencia
260 _aBogotá,
_cPlaneta,
_c2000
300 _a362.p.
490 _aLa linea del horizonte
590 _aForma de adquisición : Premio - Mincultura
650 1 4 _aBogotáZO - COLOMBIA 1948
_924294
650 1 4 _aCOLOMBIA - Política Y GOBIERNO
650 1 4 _aGAITAN, JORGE ELIECER
650 1 4 _aINSURRECCION DEL 9 DE ABRIL DE 1948
_924295
650 1 4 _aVIOLENCIA - COLOMBIA
_917061
942 _2ddc
_cBK
999 _c26720
_d26720